Statistiques concernant Superlatifs de pays - Choix multiple

Cliquez ici pour prendre le quiz!

Statistiques générales

  • Ce quiz a été pris 179 fois
    (146 depuis la dernière actualisation)
  • Le résultat moyen est 9 sur 20

Statistiques - réponses

QuestionRéponse% Correct
Plus grande économie (PPP)États Unis
90%
Plus grande production de pétroleArabie Saoudite
83%
Pays le plus au sudAustralie
74%
Plus haute altitudeBolivie
71%
Plus grande production cinématographiqueInde
63%
La plupart des milliardairesRussie
61%
Plus grande production de bananesÉquateur
57%
Plus grand domaineUkraine
55%
La plupart des frontièresChine
50%
Les plus longues côtesPhilippines
49%
La plus grande populationBrésil
47%
Plus grande population musulmaneSoudan
37%
Espérance de vie la plus élevéeSingapour
32%
La plupart des languesNigeria
30%
Plus grande production de diamantsBotswana
24%
Non-européen avec la plupart des touristesMexique
21%
Plus grande production d'épicesTurquie
21%
Plus grande production de charbonAustralie
12%
La plus grande eau de surface intérieureColombie
8%
Plus petit domaineTuvalu
8%

Distribution des résultats

Percentile par nombre de réponses

% des personnes avec chaque résultat

Votre développement - résultats

Vous n’avez pas pris ce quiz depuis la dernière actualisation